00695nam a22001457a 4500008004100000040005500041080002400096245017300120260005600293300001000349650001200359942001200371999001700383952014900400230427b |||||||| |||| 00| 0 eng d aNational Science LibrarycNational Science Library a504.064(082.2) bP2 aNational conference on appropriate technologies for industrial pollution control and environmental management: b22-23 November, 2002c/ Department of Civil Engineering aTirupati: bDepartment of Civil Engineering, c2002 a155p. aScience 2udccPR c24502d24502 00102udc4065040640822_P270935977aNSLbNSLcGF/Rk-5/C-21/R-4d2003-01-24l0o504.064(082.2) P2p180396r2023-04-27 00:00:00w2003-01-24yPR